| 000 | 00653nam a2200181 4500 | ||
|---|---|---|---|
| 999 |
_c16759 _d16759 |
||
| 008 | 220328b ||||| |||| 00| 0 eng d | ||
| 082 |
_22020 _aDC 658.84 _bIn821 |
||
| 100 |
_aCateora, Philip R. _98489 |
||
| 245 |
_aInternational marketing/ _cPhilip R. Cateora [and three others] |
||
| 250 | _aInternational Student Edition. | ||
| 260 |
_aNew York : _bMcGraw Hill Education , _c©2020. |
||
| 300 |
_axxxii, 682 pages : _bcolor illustrations; _c27 cm. |
||
| 650 |
_aExport marketing. _944822 |
||
| 700 |
_aMoney, R. Bruce. _eAuthor. _944823 |
||
| 700 |
_aGilly, Mary C. _eAuthor. _944824 |
||
| 700 |
_aGraham, John L. _eAuthor. _98490 |
||
| 942 |
_2ddc _cDC |
||